[Event "Gran Canaria-ch U12 Girls"]
[Site "Gran Canaria"]
[Date "2013.03.10"]
[Round "7.1"]
[White "Castellano Almeida, Alexia"]
[Black "Rodriguez Ramirez, Leticia"]
[Result "0-1"]
[WhiteElo "1200"]
[BlackElo "1200"]
[PlyCount "104"]
[EventDate "2013.03.08"]
[EventType "tourn"]
[EventRounds "7"]
[EventCountry "ESP"]
[SourceTitle "EXT 2024"]
[Source "ChessBase"]
[SourceDate "2023.10.10"]
[SourceVersion "1"]
[SourceVersionDate "2023.10.10"]
[SourceQuality "1"]

1. e4 e5 2. Nf3 Nc6 3. Bc4 Nf6 4. Nc3 Bc5 5. 0-0 0-0 6. d3 d6 7. Ng5 Qe7 8. Qd2 Ng4 9. Nd5 Qd7 10. c3 Nxf2 11. Ne3 Ng4 12. Bxf7+ Kh8 13. Be6 Qe7 14. Kh1 Nxe3 15. Nf7+ Kg8 16. Ng5+ Bxe6 17. Nxe6 Qxe6 18. Re1 b6 19. Qe2 Ng4 20. h3 Nf2+ 21. Kh2 Nxh3 22. gxh3 Bf2 23. Rd1 Ne7 24. Bd2 Nc6 25. Rf1 Nd4 26. cxd4 exd4 27. Rxf2 Qe5+ 28. Kg1 Qg3+ 29. Rg2 Qxh3 30. Rh2 Qg3+ 31. Rg2 Qe5 32. Bh6 Rf7 33. Bd2 d5 34. Rf1 Raf8 35. Qe1 dxe4 36. dxe4 Qc5 37. Rh2 d3+ 38. Kh1 Rxf1+ 39. Qxf1 Rxf1+ 40. Kg2 Rf2+ 41. Kh3 Qh5+ 42. Kg3 Rxh2 43. Kf4 Rxd2 44. Ke3 Qg5+ 45. Kd4 Rd1 46. e5 Qd8+ 47. Ke4 Re1+ 48. Kf4 Qf8+ 49. Kg4 Rg1+ 50. Kh3 Qf5+ 51. Kh2 Rg6 52. Kh1 Qh5# 0-1

[Event "Gran Canaria-ch U12 Girls"]
[Site "Gran Canaria"]
[Date "2013.03.09"]
[Round "3.3"]
[White "Castellano Almeida, Alexia"]
[Black "Abderrahaman, Nadia"]
[Result "0-1"]
[WhiteElo "1200"]
[BlackElo "1200"]
[PlyCount "90"]
[EventDate "2013.03.08"]
[EventType "tourn"]
[EventRounds "7"]
[EventCountry "ESP"]
[SourceTitle "EXT 2024"]
[Source "ChessBase"]
[SourceDate "2023.10.10"]
[SourceVersion "1"]
[SourceVersionDate "2023.10.10"]
[SourceQuality "1"]

1. e4 d5 2. Nc3 d4 3. Nd5 e6 4. Nf4 e5 5. Nd5 c6 6. Bc4 cxd5 7. exd5 Nf6 8. Nf3 Nxd5 9. 0-0 Qd6 10. d3 b5 11. Bxb5+ Nc6 12. Bc4 Bd7 13. Bd2 Na5 14. Bxa5 Be7 15. Qd2 Bf6 16. Ng5 Bc6 17. Ne4 Qe6 18. Nc5 Qd6 19. Bb4 a5 20. Ba3 Nb4 21. Bxb4 axb4 22. Qxb4 Rb8 23. Qd2 Qxc5 24. c3 e4 25. Qe2 0-0 26. dxe4 Rfe8 27. Qd3 Bxe4 28. Qe2 d3 29. Qd2 Bg5 30. Qd1 Qxc4 31. b3 Qxc3 32. a4 d2 33. Qg4 h6 34. Qd1 Bd3 35. g3 Be2 36. Qb1 Red8 37. Qa2 Re8 38. f3 Bxf1 39. Rxf1 Re1 40. Kg2 Qd3 41. Rf2 d1Q 42. Kh3 Qf5+ 43. g4 Qf6 44. Kg2 Bh4 45. Rb2 Qfxf3# 0-1

[Event "Gran Canaria-ch U12 Girls"]
[Site "Gran Canaria"]
[Date "2013.03.08"]
[Round "1.4"]
[White "Castellano Almeida, Alexia"]
[Black "Rivero Suarez, Ana"]
[Result "0-1"]
[WhiteElo "1200"]
[BlackElo "1200"]
[PlyCount "90"]
[EventDate "2013.03.08"]
[EventType "tourn"]
[EventRounds "7"]
[EventCountry "ESP"]
[SourceTitle "EXT 2024"]
[Source "ChessBase"]
[SourceDate "2023.10.10"]
[SourceVersion "1"]
[SourceVersionDate "2023.10.10"]
[SourceQuality "1"]

1. e4 e5 2. Nf3 Nc6 3. Nc3 Bc5 4. Bc4 Nf6 5. 0-0 d6 6. d3 h6 7. Bd2 Bg4 8. Ne2 0-0 9. c3 Bxf3 10. Qe1 Bxe2 11. Qxe2 Na5 12. b4 Nxc4 13. dxc4 Bb6 14. c5 dxc5 15. bxc5 Bxc5 16. Rad1 Qd7 17. Qc4 b6 18. Rfe1 Qg4 19. h3 Qh5 20. Rb1 Qh4 21. Rf1 Rad8 22. Qe2 Nxe4 23. Be3 Nxc3 24. Qc2 Nxb1 25. Rxb1 Bxe3 26. fxe3 Rd5 27. e4 Rd4 28. Re1 Qxe1+ 29. Kh2 Rxe4 30. Qb2 Qh4 31. g3 Qf6 32. Qc2 Qf3 33. h4 Re2+ 34. Qxe2 Qxe2+ 35. Kh3 Qxa2 36. g4 Qb3+ 37. Kg2 Rd8 38. Kf2 Qh3 39. Ke2 Qxg4+ 40. Ke3 Qxh4 41. Kf3 Rd3+ 42. Ke2 Qg3 43. Kf1 Qh2 44. Ke1 Ra3 45. Kd1 Ra1# 0-1